01426nam a2200373 a 4500001001200000003000800012006001900020007001500039008004100054010001700095020002500112020002200137020002500159020002200184020002700206040002100233035002100254050002400275082001400299100003000313245010800343246004000451260005400491300001500545504006400560533015200624600002800776600003800804650002300842650001500865655002900880710001700909856012600926ebr10479630CaPaEBRm u cr cn|||||||||070912s2007 enk sb 001 0deng d z 2007280077 z9780745326573 (pbk.) z0745326579 (pbk.) z9780745326580 (hbk.) z0745326587 (hbk.) z9781849643597 (e-book) aCaPaEBRcCaPaEBR a(OCoLC)29846663214aHB97.5b.A44 2007eb04a330.12221 aAlbritton, Robert,d1941-10aEconomics transformedh[electronic resource] :bdiscovering the brilliance of Marx /cRobert Albritton.30aDiscovering the brillliance of Marx aLondon ;aAnn Arbor, Mich. :bPluto Press,c2007. avi, 214 p. aIncludes bibliographical references (p. 203-207) and index. aElectronic reproduction.bPalo Alto, Calif. :cebrary,d2013.nAvailable via World Wide Web.nAccess may be limited to ebrary affiliated libraries.10aMarx, Karl,d1818-1883.10aMarx, Karl,d1818-1883.tKapital. 0aMarxian economics. 0aEconomics. 7aElectronic books.2local2 aebrary, Inc.40uhttp://site.ebrary.com/lib/rucke/Doc?id=10479630zAn electronic book accessible through the World Wide Web; click to view